00952nam a2200181 a 450000100060000000300090000600800410001502000150005604000280007108200170009911000780011624500410019426000510023530000690028650503600035565000390071565000160075420439CO-ViMGA141112s2004 ck r 000 u spa d a8479036869 aCO-ViMGAbspacCO-ViMGA04a617.22 S624i aSociedad argentina de terapia intensivaComite de infectología crítica10aInfecciones por cateteres vasculares aBuenos Aires : bMedica panAméricana, c2003 aV1 : En situaciones habituales; V2 : En situaciones particulares aInfección relacionada con cateteres en pacientes con transplante y neutropenicos 19 - - Infección relacionada con cateteres en el neonato 45 - - Complicaciones graves de la infección relacionada con cateteres 77 - - Medidas protectoras de la conexión 97 - - Tratamiento de la infección relacionada con cateter. papel de los aminoglúcidos 115 14aCATETERES VASCULARES - INFECCIONES14aINFECCIONES